000 00450nam a22001697a 4500
005 20180904110429.0
008 160618b xxu||||| |||| 00| 0 eng d
020 _a81-203-2309-2
041 _aeng
082 _b8203
_a658.827
100 _aKeller, Kevin Lane
_92252
245 _aStrategic Brand Management:Building Measuring and Managing Brand Equity
260 _bPHI
_c2004
_aDELHI
300 _a770p,
650 _aManagement
_9241
942 _cBK
999 _c3155
_d3154